| 000 | 01027nam a2200253 a 4500 | ||
|---|---|---|---|
| 001 | BRL_781 | ||
| 005 | 20190320210907.0 | ||
| 008 | 071013s1984----u--ao#####---#000-0#eng-# | ||
| 041 | _aeng | ||
| 044 | _au | ||
| 050 | 4 |
_aNK844 _b.A77 1984 |
|
| 245 | 1 | 0 |
_aArte vivo _bLiving Traditions in Mexican Folk Art _cJames R. Ramsey, editor. |
| 260 |
_aMemphis, Tennesse _bMemphis State University _c1984 |
||
| 300 |
_a102 p. _bil. _c23 cm. |
||
| 500 | _aLa biblioteca cuenta con 2 ejemplares | ||
| 500 | _aej.1 Au892, ej.2 Au2209 | ||
| 500 | _aA Guide to the project Folk Art & Fine Art in the Panamerican Experience Funded in part by the Tennessee Committee for the Humanities, Inc., a not-for-profit corporation with primary support from the National Endowment for the Humanities | ||
| 650 | 1 | 4 |
_aArte popular _vExposiciones _zMéxico _91706 |
| 650 | 1 | 4 |
_aArtesanos _vExposiciones _zMéxico _924924 |
| 650 | 1 | 4 |
_aArtesanías _vExposiciones _zMéxico _924925 |
| 700 | 1 |
_aR. Ramsey, James _eed. _924926 |
|
| 902 | _aGRL | ||
| 942 |
_2lcc _cB |
||
| 999 |
_c9593 _d9593 |
||